Society and Economy In Central and Eastern Europe

Guardado en:
Detalles Bibliográficos
Formato: Seriadas
Lenguaje:inglés
Publicado: Budapest Akadémiai Kiadó
Materias:
Etiquetas: Agregar Etiqueta
Sin Etiquetas, Sea el primero en etiquetar este registro!

MARC

LEADER 00000nas1a2200000$$$4500
001 0096652
005 20250701092123.6
022 |a 1588-9726 
022 |a 1588-970X 
041 0 |a eng 
044 |a HU 
245 1 0 |a Society and Economy  |b In Central and Eastern Europe 
264 1 |a Budapest  |b Akadémiai Kiadó 
610 2 0 |a veda ekonomická 
610 2 0 |a teórie ekonomické 
610 2 0 |a politika hospodárska 
610 2 0 |a správa verejná 
610 2 0 |a sociológia 
610 2 0 |a politika